000 01326nam a2200349Ia 4500
001 ebr10057282
003 CaPaEBR
006 m u
007 cr cn|||||||||
008 970620s1997 enk sb s001 0 eng d
010 _z 97170095
020 _z9780415157872
020 _z9780203444269
020 _z0415157862 (hbk)
020 _z0415157870 (pbk)
040 _aCaPaEBR
_cCaPaEBR
035 _a(OCoLC)560418409
050 1 4 _aNX600.P47
_bA88 1997eb
100 1 _aAuslander, Philip,
_d1956-
245 1 0 _aFrom acting to performance
_h[electronic resource] :
_bessays in modernism and postmodernism /
_cPhilip Auslander.
260 _aLondon ;
_aNew York :
_bRoutledge,
_c1997.
300 _ax, 173 p.
504 _aIncludes bibliographical references (p. [154]-162) and indexes.
533 _aElectronic reproduction.
_bPalo Alto, Calif. :
_cebrary,
_d2009.
_nAvailable via World Wide Web.
_nAccess may be limited to ebrary affiliated libraries.
650 0 _aPerformance art.
650 0 _aArts and society
_xHistory
_y20th century.
650 0 _aPostmodernism.
650 0 _aModernism (Art)
655 7 _aElectronic books.
_2local
710 2 _aebrary, Inc.
856 4 0 _uhttp://site.ebrary.com/lib/rucke/Doc?id=10057282
_zAn electronic book accessible through the World Wide Web; click to view
999 _c71559
_d71559